| 000 | 00871cam a2200229 a 4500 | ||
|---|---|---|---|
| 001 | 14933158 | ||
| 005 | 20180313053251.0 | ||
| 008 | 070718s2007 nyua 001 0deng | ||
| 010 | _a 2007028253 | ||
| 020 | _a9781400064571 (alk. paper) | ||
| 040 |
_aDLC _cDLC _dDLC |
||
| 041 | _aeng | ||
| 043 | _an-us--- | ||
| 080 | _a973.92 tom | ||
| 082 | 0 | 0 |
_a973.92 tom _222 |
| 100 | 1 | _a16 | |
| 101 | _ahis | ||
| 245 | 1 | 0 |
_aBoom! : _cTom Brokaw. |
| 906 |
_a7 _bcbc _corignew _d1 _eecip _f20 _gy-gencatlg |
||
| 942 |
_2ddc _cBK |
||
| 999 |
_c44856 _d44856 |
||